They beat the odds / (Record no. 2479)
[ view plain ]
| 000 -LEADER | |
|---|---|
| fixed length control field | 00732cam a2200241 a 4500 |
| 001 - CONTROL NUMBER | |
| control field | 1918497 |
| 003 - CONTROL NUMBER IDENTIFIER | |
| control field | GBCCL |
| 005 - DATE AND TIME OF LATEST TRANSACTION | |
| control field | 20241126110430.0 |
| 008 - FIXED-LENGTH DATA ELEMENTS--GENERAL INFORMATION | |
| fixed length control field | 850730s1983 nyu 000 0deng |
| 010 ## - | |
| -- | 85117679 |
| 020 ## - INTERNATIONAL STANDARD BOOK NUMBER | |
| Terms of availability | $2.75 (pbk.) |
| 040 ## - CATALOGING SOURCE | |
| Original cataloging agency | DLC |
| Transcribing agency | DLC |
| Modifying agency | DLC |
| -- | OCoLC |
| 050 00 - | |
| -- | BJ1611.2 |
| -- | .T45 1983 |
| 082 00 - DEWEY DECIMAL CLASSIFICATION NUMBER | |
| Classification number | 920.00904 |
| -- | B |
| Edition information | 19 |
| Item number | THE |
| 245 00 - TITLE STATEMENT | |
| Title | They beat the odds / |
| Statement of responsibility, etc. | the editors of Reader's digest. |
| 260 ## - PUBLICATION, DISTRIBUTION, ETC. | |
| Place of publication, distribution, etc. | New York (200 Madison Ave., New York 10016) : |
| Name of publisher, distributor, etc. | Berkley Books, |
| Date of publication, distribution, etc. | c1983. |
| 300 ## - PHYSICAL DESCRIPTION | |
| Extent | 275 p. ; |
| Dimensions | 18 cm. |
| 500 ## - GENERAL NOTE | |
| General note | "A Berkley/Reader's digest book." |
| 650 #0 - SUBJECT ADDED ENTRY--TOPICAL TERM | |
| Topical term or geographic name entry element | Success. |
| 9 (RLIN) | 1179 |
| 730 0# - | |
| -- | Reader's digest. |
| -- | 5151 |
| 906 ## - LOCAL DATA ELEMENT F, LDF (RLIN) | |
| a | 7 |
| b | cbc |
| c | orignew |
| d | 3 |
| e | ncip |
| f | 19 |
| g | y-gencatlg |
| 942 ## - ADDED ENTRY ELEMENTS (KOHA) | |
| Source of classification or shelving scheme | Dewey Decimal Classification |
| Koha item type | Books |
| Withdrawn status | Lost status | Source of classification or shelving scheme | Damaged status | Not for loan | Home library | Current Library | Shelving location | Date acquired | Total checkouts | Full call number | Barcode | Date last seen | Copy number | Price effective from | Koha item type |
|---|---|---|---|---|---|---|---|---|---|---|---|---|---|---|---|
| Dewey Decimal Classification | GRACE BIBLE COLLEGE | GRACE BIBLE COLLEGE | General Studies | 2017-08-17 | 920.00904 THE | 003447 | 2025-05-01 | c.1 | 2017-08-17 | Books |